[Event "Championnat de France des Jeunes - Cade"]
[Site "LA ROCHE SUR YON"]
[Date "2008.04.20"]
[Round "1.6"]
[White "Martin, Alexandre"]
[Black "Valles, Manuel"]
[Result "0-1"]
[WhiteElo "1798"]
[BlackElo "2117"]
[Annotator "Salaun,Michel"]
[PlyCount "62"]
[EventDate "2008.04.24"]
[EventType "swiss"]
[EventRounds "6"]
[EventCountry "FRA"]

1. e4 c5 2. Nf3 Nc6 3. c3 d5 4. exd5 Qxd5 5. Bb5 Bg4 6. d3 Nf6 7. h3 Bh5 8. Be3
e6 9. Nbd2 Be7 10. Nb3 a6 11. Bc4 Qd8 12. Nxc5 b5 13. Bb3 Bxc5 14. Bxc5 Ne5 15.
d4 Nxf3+ 16. gxf3 Ne4 17. fxe4 Bxd1 18. Bxd1 Qg5 19. Bc2 Rc8 20. b4 f5 21. e5
Qf4 22. Ke2 g5 23. f3 g4 24. hxg4 fxg4 25. Be4 h5 26. Rag1 Kd7 27. Kd3 Rcg8 28.
fxg4 hxg4 29. Rxh8 Rxh8 30. Re1 Rh2 31. Re2 Rxe2 0-1

[Event "Championnat de France des Jeunes - Cade"]
[Site "LA ROCHE SUR YON"]
[Date "2008.04.20"]
[Round "1.10"]
[White "Scalia, Jerome"]
[Black "Levitt, Olivier"]
[Result "1/2-1/2"]
[WhiteElo "1883"]
[BlackElo "2019"]
[Annotator "Salaun,Michel"]
[PlyCount "53"]
[EventDate "2008.04.24"]
[EventType "swiss"]
[EventRounds "6"]
[EventCountry "FRA"]

1. d4 d5 2. Nf3 Nf6 3. g3 Bf5 4. Bg2 e6 5. O-O Nbd7 6. Bf4 Ne4 7. Nbd2 Bd6 8.
Bxd6 Nxd6 9. Rc1 O-O 10. c4 c6 11. Qb3 Qb6 12. Qa3 Ne4 13. e3 a5 14. Rfd1 Qb4
15. Nxe4 Qxa3 16. bxa3 Bxe4 17. Nd2 Bxg2 18. Kxg2 Rfc8 19. Rb1 Rab8 20. Rdc1
Kf8 21. c5 b5 22. cxb6 Rxb6 23. Rxb6 Nxb6 24. Rb1 Rb8 25. Rc1 Rc8 26. Rb1 Rb8
27. Rc1 {(=)} 1/2-1/2

[Event "Championnat de France des Jeunes - Cade"]
[Site "LA ROCHE SUR YON"]
[Date "2008.04.20"]
[Round "1.7"]
[White "Tachikart, Yassin"]
[Black "Dubois, Pierre"]
[Result "1-0"]
[WhiteElo "2111"]
[BlackElo "1790"]
[Annotator "Salaun,Michel"]
[PlyCount "35"]
[EventDate "2008.04.24"]
[EventType "swiss"]
[EventRounds "6"]
[EventCountry "FRA"]

1. d4 f5 2. c4 Nf6 3. g3 e6 4. Bg2 Be7 5. Nc3 O-O 6. Nf3 d6 7. O-O Qe8 8. Re1
c6 9. e4 fxe4 10. Nxe4 Nxe4 11. Rxe4 Qg6 12. Qe2 d5 13. Ne5 Qe8 14. Rf4 Nd7 15.
Rxf8+ Qxf8 16. Bf4 Bf6 17. c5 b6 18. Nxc6 1-0

[Event "Championnat de France des Jeunes - Cade"]
[Site "LA ROCHE SUR YON"]
[Date "2008.04.20"]
[Round "1.10"]
[White "Andre, Pier-Gil"]
[Black "Bressac, Stephane"]
[Result "0-1"]
[WhiteElo "1759"]
[BlackElo "2028"]
[Annotator "Salaun,Michel"]
[PlyCount "120"]
[EventDate "2008.04.24"]
[EventType "swiss"]
[EventRounds "6"]
[EventCountry "FRA"]

1. c4 Nf6 2. g3 g6 3. Bg2 Bg7 4. Nc3 O-O 5. d3 c6 6. e4 d6 7. Nge2 e5 8. O-O
Nh5 9. Be3 f5 10. Qd2 Be6 11. Rad1 Na6 12. f4 Qc7 13. b3 Nf6 14. d4 Ng4 15.
fxe5 Nxe3 16. Qxe3 dxe5 17. d5 Bd7 18. Kh1 f4 19. Qd2 g5 20. dxc6 Bxc6 21. Nd5
Qf7 22. Bf3 Rad8 23. Nec3 Nc5 24. Qe2 Rd6 25. Bh5 Qd7 26. Qg4 Qd8 27. Qf3 Ne6
28. Ne2 Kh8 29. Bg4 fxg3 30. Qxg3 Nf4 31. Nexf4 exf4 32. Qf3 Qa5 33. Rf2 Qc5
34. Rc2 a5 35. Qf2 Qxf2 36. Rxf2 Bd7 37. Bxd7 Rxd7 38. Rfd2 Re8 39. Nb6 Rxd2
40. Rxd2 h5 41. Rd5 Bf6 42. Nd7 Bd8 43. e5 Kg7 44. Rb5 b6 45. c5 bxc5 46. Rxc5
g4 47. Rc6 f3 48. Kg1 Bg5 49. e6 Be3+ 50. Kf1 Kg6 51. e7+ Kg5 52. Re6 Bd4 53.
Nf8 h4 54. Re4 Ba1 55. Ne6+ Kf5 56. Re1 Rxe7 57. Nd4+ Bxd4 58. Rxe7 g3 59. hxg3
hxg3 60. Rf7+ Kg4 0-1

[Event "Championnat de France des Jeunes - Cade"]
[Site "LA ROCHE SUR YON"]
[Date "2008.04.20"]
[Round "1.8"]
[White "Perrusset, Barbara"]
[Black "Rascle, Adeline"]
[Result "1/2-1/2"]
[WhiteElo "1876"]
[BlackElo "1570"]
[Annotator "Salaun,Michel"]
[PlyCount "148"]
[EventDate "2008.04.24"]
[EventType "swiss"]
[EventRounds "6"]
[EventCountry "FRA"]

1. d4 d5 2. c4 e6 3. Nc3 Nf6 4. cxd5 exd5 5. Bg5 Be6 6. e3 Be7 7. Nf3 O-O 8.
Bd3 Nbd7 9. O-O c6 10. Qc2 h6 11. Bh4 Qc7 12. Rab1 Rfe8 13. b4 a6 14. a4 b5 15.
Rfc1 Rac8 16. Bg3 Qb7 17. Nd2 Nf8 18. Nb3 Bxb4 19. Na2 Be7 20. Na5 Qa8 21. Qb3
Ne4 22. Qc2 Nxg3 23. hxg3 Bd7 24. Nb4 Bxb4 25. Rxb4 Re6 26. Bf5 Rf6 27. Bxd7
Nxd7 28. axb5 axb5 29. Rxb5 cxb5 30. Qxc8+ Qxc8 31. Rxc8+ Kh7 32. Rc7 Nb6 33.
Rc5 Nc4 34. Rxb5 Nxa5 35. Rxa5 Rd6 36. Kf1 Kg6 37. Ke2 Kf5 38. Kf3 Ke6 39. Ke2
Kf5 40. Kd3 Ke6 41. Kc2 Rb6 42. Kc3 Rc6+ 43. Kb3 Rb6+ 44. Kc3 Rc6+ 45. Kd3 f5
46. Rc5 Rd6 47. Rc7 Kf6 48. Ke2 h5 49. Rc5 Ke6 50. Rc8 Kf6 51. Kf3 Kg5 52. Rg8
g6 53. Rc8 Kf6 54. Ke2 Ke6 55. f3 Ke7 56. Kf2 Kf7 57. Kg1 Rb6 58. Rc5 Rd6 59.
Kh2 Kf6 60. Kh3 Kg5 61. Rb5 Rd7 62. Kh2 Rd6 63. Kg1 Rd7 64. Kf2 Rd6 65. Ke2 Kf6
66. Kd3 Ke6 67. e4 Rd7 68. Rxd5 Rxd5 69. exd5+ Kxd5 70. Ke3 Kc4 71. Kf4 Kxd4
72. Kg5 Ke3 73. Kxg6 Kf2 74. Kxh5 Kxg3 1/2-1/2

[Event "Championnat de France des Jeunes - Cade"]
[Site "LA ROCHE SUR YON"]
[Date "2008.04.20"]
[Round "1.9"]
[White "Hedouin, Priscillia"]
[Black "Peyre, Camille"]
[Result "1-0"]
[WhiteElo "1470"]
[BlackElo "1831"]
[Annotator "Salaun,Michel"]
[PlyCount "105"]
[EventDate "2008.04.24"]
[EventType "swiss"]
[EventRounds "6"]
[EventCountry "FRA"]

1. e4 Nf6 2. Nc3 d5 3. d3 e6 4. Nf3 Bb4 5. Bd2 O-O 6. g3 Bxc3 7. Bxc3 dxe4 8.
dxe4 Nxe4 9. Be5 c6 10. Bd3 Qa5+ 11. c3 f5 12. Qe2 Nd7 13. Bf4 e5 14. Bg5 Nxc3
15. Bd2 Nxe2 16. Bxa5 Nd4 17. Bc4+ Kh8 18. Ng5 g6 19. Bc3 h6 20. Nf7+ Kh7 21.
O-O-O Nb6 22. Nxe5 Nxc4 23. Bxd4 Nxe5 24. Bxe5 Be6 25. Rd6 Rfe8 26. Re1 Rad8
27. Rxd8 Rxd8 28. Bf6 Re8 29. Kd2 g5 30. a3 Kg6 31. Bc3 b6 32. Kc1 h5 33. h4 f4
34. Re5 gxh4 35. gxh4 Bf7 36. Rg5+ Kh6 37. Bd2 Re4 38. Rf5 Rc4+ 39. Bc3 Bg6 40.
Rf6 c5 41. Kd2 Re4 42. f3 Ra4 43. Be5 b5 44. Bxf4+ Kh7 45. Be5 Rxh4 46. Ra6 Ra4
47. Rc6 h4 48. Rxc5 a6 49. Rc1 Kh6 50. Rh1 Kh5 51. Bf6 Rc4 52. Ke3 Rc6 53.
Rxh4# 1-0

[Event "Championnat de France des Jeunes - Cade"]
[Site "LA ROCHE SUR YON"]
[Date "2008.04.20"]
[Round "1.7"]
[White "Josse, Anais"]
[Black "Leriquier, Claire"]
[Result "0-1"]
[WhiteElo "1620"]
[BlackElo "1890"]
[Annotator "Salaun,Michel"]
[PlyCount "83"]
[EventDate "2008.04.24"]
[EventType "swiss"]
[EventRounds "6"]
[EventCountry "FRA"]

1. e4 e6 2. d4 d5 3. Nc3 Bb4 4. Bd3 c5 5. Bb5+ Nc6 6. e5 Bd7 7. Nge2 cxd4 8.
Bxc6 dxc3 9. Bxd7+ Qxd7 10. b3 Rc8 11. Qd3 Ne7 12. a3 Bc5 13. Nxc3 Nc6 14. Qg3
Bd4 15. Bf4 O-O 16. Rd1 Qc7 17. Nb5 Qa5+ 18. c3 Bxf2+ 19. Kxf2 Qxb5 20. Bh6
Qc5+ 21. Ke1 g6 22. Bxf8 Qxf8 23. b4 Qg7 24. Kf2 Nxe5 25. Rhe1 Nc4 26. Ra1 Nd2
27. Re3 Ne4+ 28. Rxe4 dxe4 29. Rc1 Qf6+ 30. Ke2 Qf5 31. Qe3 b6 32. h3 Qb5+ 33.
Kf2 f5 34. Rd1 Qc6 35. Rc1 Rd8 36. c4 Rd3 37. Qg5 Qd6 38. c5 Qd4+ 39. Kf1 Rd1+
40. Ke2 Qd3+ 41. Kf2 Rd2+ 42. Kg1 0-1

[Event "Championnat de France des Jeunes - Cade"]
[Site "LA ROCHE SUR YON"]
[Date "2008.04.20"]
[Round "1.6"]
[White "Armas, Lara-Maria"]
[Black "Mallard, Ophelie"]
[Result "0-1"]
[WhiteElo "1891"]
[BlackElo "1630"]
[Annotator "Salaun,Michel"]
[PlyCount "76"]
[EventDate "2008.04.24"]
[EventType "swiss"]
[EventRounds "6"]
[EventCountry "FRA"]

1. d4 Nf6 2. c4 g6 3. Nc3 Bg7 4. e4 d6 5. f3 O-O 6. Be3 e5 7. d5 c6 8. Bd3 Ne8
9. Qd2 Na6 10. Nge2 f5 11. g3 Nac7 12. h4 fxe4 13. fxe4 Nf6 14. O-O-O Ng4 15.
Bg5 Qe8 16. Rdg1 Rf2 17. Nd1 Rf8 18. Qe1 Bd7 19. Rf1 Rxf1 20. Rxf1 Nh2 21. Rf2
Ng4 22. Rf1 Nh2 23. Rf2 Ng4 24. Rg2 Qf8 25. Kb1 cxd5 26. cxd5 Rc8 27. Ne3 Nxe3
28. Bxe3 Bb5 29. Bxb5 Nxb5 30. Rf2 Qe7 31. Qb4 a6 32. Rf1 Qd7 33. a4 Qg4 34.
Nc3 Nxc3+ 35. bxc3 Qe2 36. Rc1 Qxe3 37. Qxb7 Qxe4+ 38. Kb2 Rf8 0-1

[Event "Championnat de France des Jeunes - Cade"]
[Site "LA ROCHE SUR YON"]
[Date "2008.04.20"]
[Round "1.10"]
[White "Vinckier, Delphine"]
[Black "Croguennoc, Laurie"]
[Result "1-0"]
[WhiteElo "1818"]
[BlackElo "1430"]
[Annotator "Salaun,Michel"]
[PlyCount "59"]
[EventDate "2008.04.24"]
[EventType "swiss"]
[EventRounds "6"]
[EventCountry "FRA"]

1. e4 e5 2. Nc3 Nf6 3. Nf3 Nc6 4. d4 exd4 5. Nxd4 Bc5 6. Be3 Bb6 7. Nxc6 bxc6
8. Bg5 Qe7 9. Qe2 Qe6 10. f4 d6 11. O-O-O Bb7 12. h3 Ba5 13. Bxf6 Qxf6 14. Qd2
Bxc3 15. bxc3 O-O 16. Bc4 c5 17. Rde1 Rfe8 18. e5 dxe5 19. fxe5 Rxe5 20. Ref1
Rf5 21. Rxf5 Qxf5 22. Rf1 Qe4 23. Bxf7+ Kh8 24. Rd1 h6 25. g4 Qf3 26. Bg6 Qf6
27. Bd3 Qh4 28. Qe3 Rf8 29. Qxc5 Bf3 30. Qxf8# 1-0

[Event "Championnat de France des Jeunes - Cade"]
[Site "LA ROCHE SUR YON"]
[Date "2008.04.21"]
[Round "2.9"]
[White "Bressac, Stephane"]
[Black "Lepigoche, Cyril"]
[Result "0-1"]
[WhiteElo "2028"]
[BlackElo "1879"]
[Annotator "Salaun,Michel"]
[PlyCount "198"]
[EventDate "2008.04.24"]
[EventType "swiss"]
[EventRounds "6"]
[EventCountry "FRA"]

1. e4 c5 2. Nf3 d6 3. d4 cxd4 4. Nxd4 Nf6 5. Nc3 g6 6. Be3 Bg7 7. f3 O-O 8. Bc4
Nc6 9. Bb3 Bd7 10. Qd2 Qa5 11. O-O-O Rfc8 12. Kb1 Ne5 13. h4 Nc4 14. Bxc4 Rxc4
15. h5 Rac8 16. hxg6 fxg6 17. Nb3 Qa6 18. g4 Be6 19. g5 Nh5 20. Bd4 Bxd4 21.
Nxd4 Rxc3 22. Nxe6 Rxc2 23. Qd5 Qc4 24. Nd4+ Qxd5 25. exd5 Rf2 26. Rhe1 Kf7 27.
Re4 a6 28. Rde1 Rc7 29. a3 Ng3 30. Rf4+ Nf5 31. Rh1 Kg8 32. Nxf5 gxf5 33. Rfh4
Rcc2 34. Rxh7 Rxb2+ 35. Ka1 Ra2+ 36. Kb1 Rab2+ 37. Ka1 Rbe2 38. g6 Rg2 39. Rf7
Rxg6 40. Rxf5 Rgg2 41. Rf4 Ra2+ 42. Kb1 Rab2+ 43. Ka1 Ra2+ 44. Kb1 Rxa3 45. Re1
Rd3 46. Rfe4 Rxd5 47. Rxe7 Rb5+ 48. Ka1 Ra5+ 49. Kb1 Rb5+ 50. Ka1 d5 51. Rc1
Ra5+ 52. Kb1 Rb5+ 53. Ka1 Rg7 54. Re5 Rf7 55. Rc3 Rf4 56. Ka2 Ra4+ 57. Ra3 Rab4
58. Rd3 Kf7 59. Ka3 Rb1 60. Ka2 R1b2+ 61. Ka3 Rf2 62. Rexd5 Rxd5 63. Rxd5 Rxf3+
64. Kb4 Ke6 65. Rh5 Rf5 66. Rh7 Rb5+ 67. Kc4 Kd6 68. Rh6+ Kc7 69. Rh7+ Kb6 70.
Rh6+ Ka5 71. Rh1 Rb4+ 72. Kc3 b6 73. Rg1 Rh4 74. Rg3 b5 75. Kb3 Rh6 76. Ka3 Kb6
77. Kb3 a5 78. Ka3 Rh5 79. Kb3 Kc5 80. Rc3+ Kb6 81. Rg3 a4+ 82. Kb4 Rh4+ 83.
Ka3 Ka5 84. Kb2 Rh5 85. Ka3 b4+ 86. Kb2 Kb5 87. Rg2 a3+ 88. Kb3 Rh3+ 89. Ka2
Ka4 90. Rg4 Rh2+ 91. Kb1 Rf2 92. Rh4 Rf3 93. Rh2 Rf4 94. Rh1 b3 95. Ka1 Rc4 96.
Rg1 Kb4 97. Rf1 a2 98. Kb2 Rc2+ 99. Ka1 Ka3 0-1

[Event "Championnat de France des Jeunes - Cade"]
[Site "LA ROCHE SUR YON"]
[Date "2008.04.21"]
[Round "2.6"]
[White "Lacour, Cedric"]
[Black "Tachikart, Yassin"]
[Result "1/2-1/2"]
[WhiteElo "1916"]
[BlackElo "2111"]
[Annotator "Salaun,Michel"]
[PlyCount "83"]
[EventDate "2008.04.24"]
[EventType "swiss"]
[EventRounds "6"]
[EventCountry "FRA"]

1. e4 e5 2. Nf3 Nc6 3. Bb5 a6 4. Ba4 Nf6 5. O-O Be7 6. Re1 b5 7. Bb3 O-O 8. c3
d5 9. d3 Be6 10. Nbd2 Bg4 11. h3 Bh5 12. g4 dxe4 13. gxh5 exf3 14. Qxf3 e4 15.
dxe4 Ne5 16. Qf5 Nd3 17. Re2 Nxh5 18. Qxh5 Nf4 19. Qf3 Nxe2+ 20. Qxe2 Qd7 21.
Qf3 Rab8 22. Nf1 Rb6 23. Bf4 Rg6+ 24. Kh2 Bg5 25. Bxg5 Rxg5 26. Rd1 Qe7 27. Ng3
c6 28. Nf5 Qe5+ 29. Kh1 Rg6 30. Rd7 Rf6 {(=)} 31. Qg2 Rxf5 32. exf5 Qxf5 33.
Rc7 h6 34. Re7 c5 35. f3 c4 36. Bc2 Qf4 37. Re4 Qc1+ 38. Kh2 Rd8 39. Re2 a5 40.
b3 Qf4+ 41. Qg3 Qf6 42. f4 {(=)} 1/2-1/2

[Event "Championnat de France des Jeunes - Cade"]
[Site "LA ROCHE SUR YON"]
[Date "2008.04.21"]
[Round "2.8"]
[White "Coste, Roman"]
[Black "Favarel, Antoine"]
[Result "0-1"]
[WhiteElo "1910"]
[BlackElo "2065"]
[Annotator "Salaun,Michel"]
[PlyCount "72"]
[EventDate "2008.04.24"]
[EventType "swiss"]
[EventRounds "6"]
[EventCountry "FRA"]

1. d4 d5 2. Nf3 Nf6 3. c4 e6 4. Bg5 h6 5. Bh4 c6 6. e3 Nbd7 7. Nc3 Qa5 8. Qc2
Bb4 9. Nd2 O-O 10. Bd3 Be7 11. f4 c5 12. cxd5 Nxd5 13. Bxe7 Nxe7 14. Nc4 Qd8
15. O-O-O cxd4 16. exd4 Nf6 17. Rhe1 Nfd5 18. g3 Nb4 19. Qe2 Nxd3+ 20. Qxd3 b6
21. Ne3 Qc7 22. d5 Nxd5 23. Nexd5 exd5 24. Qxd5 Be6 25. Qe5 Rac8 26. Kb1 Qc4
27. Re4 Qa6 28. Ra4 Qb7 29. f5 Rc5 30. Qd6 Bxf5+ 31. Ka1 Bc2 32. Rad4 Bxd1 33.
Rxd1 Qf3 34. Rd3 Qh1+ 35. Rd1 Qc6 36. Qe7 Rc8 0-1

[Event "Championnat de France des Jeunes - Cade"]
[Site "LA ROCHE SUR YON"]
[Date "2008.04.21"]
[Round "2.7"]
[White "Stephan, Victor"]
[Black "Moreau, Emilien"]
[Result "1-0"]
[WhiteElo "2094"]
[BlackElo "1889"]
[Annotator "Salaun,Michel"]
[PlyCount "33"]
[EventDate "2008.04.24"]
[EventType "swiss"]
[EventRounds "6"]
[EventCountry "FRA"]

1. Nf3 Nf6 2. c4 g6 3. Nc3 d5 4. d4 Bg7 5. cxd5 Nxd5 6. e4 Nxc3 7. bxc3 c5 8.
Rb1 O-O 9. Be2 Nc6 10. d5 Bxc3+ 11. Bd2 Bxd2+ 12. Qxd2 Nb8 13. h4 h5 14. Qh6
Bg4 15. Ng5 Qa5+ 16. Kf1 Bxe2+ 17. Kg1 1-0

[Event "Championnat de France des Jeunes - Cade"]
[Site "LA ROCHE SUR YON"]
[Date "2008.04.21"]
[Round "2.10"]
[White "Magnin, Guillaume"]
[Black "Migot, Tanguy"]
[Result "0-1"]
[WhiteElo "1894"]
[BlackElo "2023"]
[Annotator "Salaun,Michel"]
[PlyCount "87"]
[EventDate "2008.04.24"]
[EventType "swiss"]
[EventRounds "6"]
[EventCountry "FRA"]

1. e4 c5 2. Nf3 d6 3. c3 Nf6 4. Bc4 e6 5. Qe2 Nc6 6. O-O Be7 7. Bb3 O-O 8. d4
d5 9. e5 Ne4 10. Nbd2 Nxd2 11. Bxd2 f6 12. exf6 Bxf6 13. dxc5 Qe7 14. Be3 Na5
15. Bd4 Bd7 16. Rfe1 Rae8 17. Qe3 Nc6 18. Qd2 Qf7 19. Ne5 Nxe5 20. Bxe5 Bc6 21.
Bc2 Qh5 22. Qd4 Qh6 23. Rad1 Rf7 24. Re3 Bh4 25. f4 g5 26. Rf1 Bb5 27. Bd3 Bxd3
28. Rxd3 gxf4 29. Rxf4 Rxf4 30. Bxf4 Qg6 31. Be5 Rf8 32. g3 Qf5 33. Bf4 Bf6 34.
Qe3 e5 35. Bh6 Bg7 36. Qe2 e4 37. Rd1 Bxh6 38. b4 Bg7 39. Rc1 Qg5 40. Rc2 h5
41. Kg2 h4 42. a4 hxg3 43. hxg3 Rf3 44. Qe1 0-1

[Event "Championnat de France des Jeunes - Cade"]
[Site "LA ROCHE SUR YON"]
[Date "2008.04.21"]
[Round "2.8"]
[White "Rascle, Adeline"]
[Black "Armas, Lara-Maria"]
[Result "0-1"]
[WhiteElo "1570"]
[BlackElo "1891"]
[Annotator "Salaun,Michel"]
[PlyCount "92"]
[EventDate "2008.04.24"]
[EventType "swiss"]
[EventRounds "6"]
[EventCountry "FRA"]

1. e4 c5 2. Nf3 d6 3. d4 cxd4 4. Nxd4 Nf6 5. Nc3 a6 6. Bd3 e5 7. Nf3 Be7 8. O-O
O-O 9. Bg5 Nbd7 10. Qe2 h6 11. Bh4 b5 12. Nd2 Bb7 13. a3 g5 14. Bg3 Nc5 15. f3
Nh5 16. Qf2 f5 17. exf5 Nxd3 18. cxd3 Rxf5 19. Qe1 Nxg3 20. Qxg3 Qb6+ 21. Kh1
d5 22. Rfe1 Bd6 23. Qg4 Rf6 24. Rac1 a5 25. Nf1 b4 26. axb4 axb4 27. Nd1 Qa6
28. d4 e4 29. Nd2 Qd3 30. Nf1 exf3 31. gxf3 Qxf3+ 32. Qxf3 Rxf3 33. Nd2 Rd3 34.
Re6 Bf4 35. Rxh6 Rxd2 36. Kg1 Rxd4 37. Rb1 Ra6 38. Rh3 Bc8 39. Rf3 Bf5 40. Rxf4
gxf4 41. Rc1 Rd2 42. h4 Rg6+ 43. Kf1 Bd3+ 44. Ke1 Re2+ 45. Kf1 Rc2+ 46. Ke1
Rg1# 0-1

[Event "Championnat de France des Jeunes - Cade"]
[Site "LA ROCHE SUR YON"]
[Date "2008.04.21"]
[Round "2.10"]
[White "Croguennoc, Laurie"]
[Black "Rodange, Barbara"]
[Result "0-1"]
[WhiteElo "1430"]
[BlackElo "1726"]
[Annotator "Salaun,Michel"]
[PlyCount "82"]
[EventDate "2008.04.24"]
[EventType "swiss"]
[EventRounds "6"]
[EventCountry "FRA"]

1. e4 e5 2. Nf3 Nf6 3. Nxe5 d6 4. Nf3 Nxe4 5. d3 Nf6 6. Bg5 Be7 7. Be2 Nc6 8.
O-O O-O 9. Re1 Nd5 10. Bd2 Bf6 11. Qc1 Re8 12. c4 Nde7 13. Nc3 d5 14. Rb1 Bf5
15. c5 Nb4 16. Ra1 Bxd3 17. Bf4 Bxe2 18. Rxe2 Nd3 19. Qd2 Nxc5 20. Rc1 Ne6 21.
Nb5 c6 22. Nd6 Nxf4 23. Qxf4 Qc7 24. Qb4 Red8 25. Nb5 Qd7 26. Nbd4 Ng6 27. Nb3
Be7 28. Qc3 Bd6 29. Nbd4 Nf4 30. Re3 c5 31. Ne5 cxd4 32. Qxd4 Bxe5 33. Rxe5 Qg4
34. Kf1 Qxg2+ 35. Ke1 Ng6 36. Rf5 Re8+ 37. Kd2 Qe4 38. Rxd5 Qxd4+ 39. Rxd4 Re7
40. Rd1 Rae8 41. Kc3 h6 0-1

[Event "Championnat de France des Jeunes - Cade"]
[Site "LA ROCHE SUR YON"]
[Date "2008.04.21"]
[Round "2.6"]
[White "Mallard, Ophelie"]
[Black "Brih, Touatia"]
[Result "0-1"]
[WhiteElo "1630"]
[BlackElo "1956"]
[Annotator "Salaun,Michel"]
[PlyCount "82"]
[EventDate "2008.04.24"]
[EventType "swiss"]
[EventRounds "6"]
[EventCountry "FRA"]

1. f4 d5 2. Nf3 Nc6 3. e3 Bg4 4. b3 e6 5. Bb2 Nf6 6. Bb5 a6 7. Bxc6+ bxc6 8.
O-O h5 9. Qe1 Bxf3 10. Rxf3 Ng4 11. Kh1 Be7 12. d3 Kd7 13. Nd2 Bh4 14. Qe2 Bf6
15. Bxf6 Qxf6 16. Raf1 Qb2 17. Qd1 Qxa2 18. f5 e5 19. e4 a5 20. Rg3 Qa3 21. Qf3
Qc5 22. exd5 cxd5 23. c4 c6 24. f6 gxf6 25. Qf5+ Kc7 26. Rxg4 hxg4 27. Qxf6 Rh7
28. Qxe5+ Qd6 29. Qxd6+ Kxd6 30. Rf6+ Kc5 31. Rf4 Rah8 32. Nf1 Rg7 33. Rf5 Re8
34. Kg1 Re2 35. Ng3 Rb2 36. Rf4 Rxb3 37. cxd5 cxd5 38. Nf5 Rg6 39. Ne7 Re6 40.
d4+ Kc4 41. Rxf7 Rb7 0-1

[Event "Championnat de France des Jeunes - Cade"]
[Site "LA ROCHE SUR YON"]
[Date "2008.04.21"]
[Round "2.7"]
[White "Burel, Gwenaelle"]
[Black "Perrusset, Barbara"]
[Result "1-0"]
[WhiteElo "1663"]
[BlackElo "1876"]
[Annotator "Salaun,Michel"]
[PlyCount "69"]
[EventDate "2008.04.24"]
[EventType "swiss"]
[EventRounds "6"]
[EventCountry "FRA"]

1. e4 c5 2. Nf3 e6 3. d4 cxd4 4. Nxd4 Nc6 5. Be2 Nf6 6. Bg5 Qa5+ 7. Bd2 Qb6 8.
Nxc6 Nxe4 9. Be3 Qxc6 10. Bf3 d5 11. Nd2 Nxd2 12. Qxd2 Bc5 13. Rc1 Qb6 14. Bxc5
Qxc5 15. O-O Qb6 16. c4 dxc4 17. Rxc4 O-O 18. Rd1 Qa6 19. Rd4 h6 20. Rd8 Rxd8
21. Qxd8+ Kh7 22. Qe8 Qxa2 23. Qxf7 Qc4 24. Re1 Bd7 25. Qxd7 e5 26. Be4+ Kh8
27. Qf5 Qg8 28. Rc1 Rd8 29. h3 b6 30. Rc7 Rf8 31. Qg6 Rf6 32. Qg3 a5 33. Ra7
Rf8 34. Qxe5 Re8 35. Qxe8 1-0

[Event "Championnat de France des Jeunes - Cade"]
[Site "LA ROCHE SUR YON"]
[Date "2008.04.21"]
[Round "2.9"]
[White "Peyre, Camille"]
[Black "Josse, Anais"]
[Result "1-0"]
[WhiteElo "1831"]
[BlackElo "1620"]
[Annotator "Salaun,Michel"]
[PlyCount "49"]
[EventDate "2008.04.24"]
[EventType "swiss"]
[EventRounds "6"]
[EventCountry "FRA"]

1. d4 Nf6 2. c4 g6 3. Nc3 Bg7 4. e4 d6 5. Be2 Nbd7 6. Bg5 O-O 7. Qd2 e5 8. d5
Nc5 9. f3 a5 10. g4 c6 11. h4 Rb8 12. h5 Qc7 13. Nh3 b5 14. dxc6 bxc4 15. Bxf6
Bxf6 16. Nd5 Bh4+ 17. Nf2 Bxf2+ 18. Kxf2 Qa7 19. Kg2 Ne6 20. c7 Nxc7 21. Ne7+
Kg7 22. hxg6 fxg6 23. Qh6+ Kf7 24. Qxh7+ Ke8 25. Nc6 1-0

[Event "Championnat de France des Jeunes - Cade"]
[Site "LA ROCHE SUR YON"]
[Date "2008.04.21"]
[Round "3.6"]
[White "Migot, Tanguy"]
[Black "Scalia, Jerome"]
[Result "1/2-1/2"]
[WhiteElo "2023"]
[BlackElo "1883"]
[Annotator "Salaun,Michel"]
[PlyCount "164"]
[EventDate "2008.04.24"]
[EventType "swiss"]
[EventRounds "6"]
[EventCountry "FRA"]

1. e4 c5 2. Nf3 d6 3. d4 cxd4 4. Nxd4 Nf6 5. Nc3 g6 6. Be3 Bg7 7. f3 Nc6 8. Bc4
Bd7 9. Bb3 O-O 10. Qd2 Rc8 11. O-O-O Nxd4 12. Bxd4 b5 13. Nd5 Nxd5 14. exd5 a5
15. Bxg7 Kxg7 16. Qd4+ Kg8 17. c3 a4 18. Bc2 Rc4 19. Qe3 b4 20. Rd4 Rxd4 21.
Qxd4 bxc3 22. Qxc3 Qb6 23. Kb1 Rc8 24. Qd2 Rb8 25. Qc1 Qf2 26. h4 Rc8 27. g4
Qg2 28. Rg1 Qxf3 29. h5 Bxg4 30. hxg6 hxg6 31. Qh6 Bh5 (31... Rxc2) 32. Qd2 a3
33. Bd1 Qf5+ 34. Bc2 Qh3 35. Qf2 axb2 36. Kxb2 Qc3+ 37. Kb1 Rb8+ (37... Bf3)
38. Bb3 Qd3+ 39. Ka1 Qc3+ 40. Kb1 Rxb3+ 41. axb3 Qxb3+ 42. Kc1 Qxd5 43. Qe3
Qc5+ 44. Qxc5 dxc5 45. Rg5 c4 46. Rc5 Be2 47. Re5 Bd3 48. Rxe7 Kg7 49. Kd2 Kf6
50. Rc7 g5 51. Ke3 Kg6 52. Kf3 f5 53. Rc8 Kf6 54. Ke3 Ke5 55. Rc5+ Kd6 56. Ra5
g4 57. Ra8 Kc5 58. Rb8 Be4 59. Rc8+ Kb4 60. Kd4 Bd3 61. Rb8+ Ka3 62. Kc3 Ka4
63. Rg8 Be2 64. Re8 Bd3 65. Rg8 Kb5 66. Kd4 Kc6 67. Rg6+ Kd7 68. Rg8 Ke6 69.
Ke3 Ke5 70. Re8+ Kf6 71. Rg8 Bc2 72. Rc8 g3 73. Rxc4 {(=)} Be4 74. Kf4 g2 75.
Rc1 Kg6 76. Kg3 Kg5 77. Kh2 f4 78. Rc8 f3 79. Rg8+ Kf6 80. Rf8+ Ke5 81. Rd8 Bd5
(81... f2) 82. Re8+ Kd4 {(=)} 1/2-1/2

[Event "Championnat de France des Jeunes - Cade"]
[Site "LA ROCHE SUR YON"]
[Date "2008.04.21"]
[Round "3.7"]
[White "Li, Frederic"]
[Black "Poey-Durut, Peio"]
[Result "1-0"]
[WhiteElo "2176"]
[BlackElo "1875"]
[Annotator "Salaun,Michel"]
[PlyCount "77"]
[EventDate "2008.04.24"]
[EventType "swiss"]
[EventRounds "6"]
[EventCountry "FRA"]

1. Nf3 Nf6 2. c4 e6 3. d4 Bb4+ 4. Bd2 Qe7 5. Nc3 b6 6. g3 Bb7 7. Bg2 O-O 8. O-O
d6 9. a3 Bxc3 10. Bxc3 Ne4 11. Qd3 Nxc3 12. Qxc3 Nd7 13. Nd2 Bxg2 14. Kxg2 e5
15. e4 f5 16. d5 f4 17. b4 Qg5 18. f3 Rf6 19. Rg1 Rh6 20. g4 Rh4 21. h3 h5 22.
Rh1 Kf7 23. Rag1 Rh8 24. Qd3 Nf6 25. c5 hxg4 26. fxg4 Qh6 27. cxb6 cxb6 28. Nf3
Rxh3 29. Nxe5+ dxe5 30. Rxh3 Qxh3+ 31. Qxh3 Rxh3 32. Kxh3 Nxe4 33. Rc1 Ke7 34.
Rc7+ Kd6 35. Rxg7 Kxd5 36. g5 Ke6 37. Kg4 Nf2+ 38. Kf3 Nh3 39. Kg2 1-0

[Event "Championnat de France des Jeunes - Cade"]
[Site "LA ROCHE SUR YON"]
[Date "2008.04.21"]
[Round "3.8"]
[White "Sauvan, Olivier"]
[Black "Valles, Manuel"]
[Result "0-1"]
[WhiteElo "1963"]
[BlackElo "2117"]
[Annotator "Salaun,Michel"]
[PlyCount "116"]
[EventDate "2008.04.24"]
[EventType "swiss"]
[EventRounds "6"]
[EventCountry "FRA"]

1. d4 Nf6 2. c4 g6 3. Nc3 Bg7 4. e4 d6 5. Nf3 O-O 6. Be2 e5 7. Be3 Na6 8. O-O
c6 9. Qd2 Ng4 10. Bg5 f6 11. Bh4 g5 12. Bg3 Nh6 13. Rad1 Qe7 14. Rfe1 Nf7 15.
h3 Kh8 16. a3 h5 17. Kh1 g4 18. Nh4 Kh7 19. hxg4 hxg4 20. Qc2 Nh6 21. Kg1 {(=)}
Qf7 22. Rd2 Nc7 23. dxe5 dxe5 24. Red1 Ne6 25. Qb1 Qh5 26. Rf1 Nd4 27. Bd3 Nf7
28. Ne2 Nb3 29. Rdd1 Bh6 30. Qc2 Nc5 31. b4 Nxd3 32. Rxd3 Bg5 33. Nf5 Be6 34.
Rfd1 Rh8 35. Kf1 Rhe8 36. Nd6 Nxd6 37. Rxd6 Qf7 38. c5 Kg6 39. Qb1 Rh8 40. f4
gxf3 41. gxf3 Be3 42. Bf2 Bxf2 43. Kxf2 Rh2+ 44. Ke3 Bc4 45. Ng3 Qh7 46. Rxf6+
Kxf6 47. Rd6+ Ke7 48. Qd1 Be6 49. Rxe6+ Kxe6 50. Qd6+ Kf7 51. Nf5 Re8 52. Qd7+
Kf8 53. Qd6+ Kg8 54. Qf6 Rh5 55. Nd6 Rf8 56. Qe6+ Kh8 57. Kd3 Rxf3+ 58. Kc4 Qg8
0-1